1637 1977 1278 1476 1606 1619 1087 1240 1441 1638 1889 1618 1227 1640 1596 1963 1598 1428 1656 1406 1263 1261 1097 1415 1200 1969 1886 1311 1119 1197 1504 1948 1099 1979 1279 1017 1409 1894 1780 1044 1361 1068 1601 1360 1329 1435 1717 1936 1759 1571 1297 1581 1867 1213 1783 1626 1271 1392 1072 1592 1308 1236 1410 1841 1085 1207 2000 1089 1261 1512 1561 1189 1831 1705 1332 1306 1324 1666 1714 1904 1919 1182 1898 1785 1576 1204 1434 1969 1975 1169 1971 1948 1017 1029 1120 1531 1043 1958 1987 BCNSPRNW ULIB Ver.6.0+V

เปลี่ยนเป็นภาษาไทย

Change to English
 แสดงรายละเอียดบรรณานุกรม
  กลับหน้าหลัก

Brief Record : Get Marc (ISO 2709) : E-mail record : QR code < ปิดหน้าต่าง
LEADER : 00000nam 2200000uu 4500
001    13399125299
003     ULIB
008    170404s2559||||th 000 0 tha d
020    ^a9786169163152
060 04 ^aWH100^bก525ป
245 00 ^aปัญหาที่พบบ่อยและภาวะฉุกเฉินทางโลหิตวิทยา =^bCommon Problems and Emergencies in Hematology /^cบรรณาธิการ; กานดิษฎ์ ประยงค์รัตน์ ... [และคนอื่นๆ]
246 1  ^aCommon Problems and Emergencies in Hematology
250    ^aพิมพ์ครั้งที่ 1
260    ^aกรุงเทพฯ :^bคณะอนุกรรมการมะเร็งเม็ดเลือดขาวแบบเฉียบพลันในผู้ใหญ่,^c2559
300    ^a221 หน้า ;^c21 ซม.
504    ^aบรรณานุกรม
650  2 ^aHematology
650  7 ^aโลหิตวิทยา
700 0  ^aกานดิษฎ์ ประยงค์รัตน์,^eบรรณาธิการ
700 0  ^aเอกรัฐ รัฐฤทธิ์ธำรง,^eบรรณาธิการ
700 0  ^aอดิศักดิ์ ตันติวรวิทย์,^eบรรณาธิการ
700 0  ^aนงลักษณ์ คณิตทรัพย์,^eบรรณาธิการ
700 0  ^aจันทราภา ศรีสวัสดิ์,^eบรรณาธิการ
856    ^a^zTable of Content (Content)^uhttp://118.174.31.60:80/ULIB//_fulltext/Content/128975/20160323142117_4658.pdf
945    ^p0^l0^i001842
945    ^p0^l0^i001843
945    ^p0^l0^i001844
945    ^p0^l0^i001845
945    ^p0^l0^i001846
999    ^aวรรณษา ชูชัยมงคล
รายการนี้ยังไม่มีแท็ก
คุณยังไม่ได้ล็อกอิน คุณสามารถมีกิจกรรมร่วมกับเว็บไซต์ได้ แต่ต้องล็อกอินก่อน ::
  ล็อกอิน

รายการสื่อสารสนเทศ

ลำดับที่ ประเภท เลขเรียก/บาร์โค้ด สถานที่ สถานะ
1. วิทยาศาสตร์การแพทย์ และสุขภาพ
วิทยาศาสตร์การแพทย์ และสุขภาพ
สถานะ=หนังสือเก่า
WH100 ก525ป ฉ.1 
  Barcode: 001842
ห้องสมุดวิทยาเขตสวรรค์ประชารักษ์
►ส่วนจัดเก็บหนังสือเก่า สปร
บนชั้น
  ขอยืม
2. วิทยาศาสตร์การแพทย์ และสุขภาพ
วิทยาศาสตร์การแพทย์ และสุขภาพ
สถานะ=หนังสือเก่า
WH100 ก525ป ฉ.2 
  Barcode: 001843
ห้องสมุดวิทยาเขตสวรรค์ประชารักษ์
►ส่วนจัดเก็บหนังสือเก่า สปร
บนชั้น
  ขอยืม
3. วิทยาศาสตร์การแพทย์ และสุขภาพ
วิทยาศาสตร์การแพทย์ และสุขภาพ
สถานะ=หนังสือเก่า
WH100 ก525ป ฉ.3 
  Barcode: 001844
ห้องสมุดวิทยาเขตสวรรค์ประชารักษ์
►ส่วนจัดเก็บหนังสือเก่า สปร
บนชั้น
  ขอยืม
4. วิทยาศาสตร์การแพทย์ และสุขภาพ
วิทยาศาสตร์การแพทย์ และสุขภาพ
สถานะ=หนังสือเก่า
WH100 ก525ป ฉ.4 
  Barcode: 001845
ห้องสมุดวิทยาเขตสวรรค์ประชารักษ์
►ส่วนจัดเก็บหนังสือเก่า สปร
บนชั้น
  ขอยืม
5. วิทยาศาสตร์การแพทย์ และสุขภาพ
วิทยาศาสตร์การแพทย์ และสุขภาพ
สถานะ=หนังสือเก่า
WH100 ก525ป ฉ.5 
  Barcode: 001846
ห้องสมุดวิทยาเขตสวรรค์ประชารักษ์
►ส่วนจัดเก็บหนังสือเก่า สปร
บนชั้น
  ขอยืม

รายการใกล้เคียง
    หัวเรื่อง [Hematology]
    หัวเรื่อง [โลหิตวิทยา]

BibComment


ยังไม่เคยถูกคอมเมนท์

คอมเมนท์ทรัพยากรรายการนี้
  คอมเมนท์: ปัญหาที่พบบ่อยแล..


 Copyright 2026. Bcnsprnw @Library